00791 2200265 4500001002100000005001700021008004100038020001800079035002500097040001200122082001300134084002200147090002200169110004700191245007200238260002800310300002300338500003600361650004400397850001200441990001800453990001800471990001800489990001800507YOGYA-0209000004069520150915094636.0 ind  a979-99950-3-4 a0010-020900000040695 aYOPDYOG a348.9598 aR 348.9598bInd H aR 348.9598bInd H aINDONESIA. [Undang-undang, Peraturan, dsb] aHimpunan peraturan perundang-undangan Republik Indonesia Tahun 2005 aJakartabEka Jayac2005 a... Jilid ;c22 cm aYang diterima : jil. 1, 2, 3, 4 aIndonesia - Undang-undang dan peraturan aYOPDYOG a32749-PD/B.07 a32750-PD/B.07 a32751-PD/B.07 a32752-PD/B.07